LEADER 01341nam a2200265 i 4500 001 000000111923 003 CaOOAMICUS 005 20080528131157.0 008 080528q1970 enkaf u000 u eng c 040 $aPUL$bita$dLDB 100 1 $aDickens, Charles,$d1812-1870.$0(OLS)http://pul/name/56535 245 14$aThe adventures of Oliver Twist /$cCharles Dickens ; introduction by Humprey House ; illustrations by George Cruikshank. 250 $aCentennal edition. 260 $aLondon :$bHeron Books ;$aGeneva :$bEdito-Service,$c[1970?] 300 $axxxi, 511 p. :$bill., tav. ;$c21 cm. 490 1 $aComplete works 500 $aSul verso del front : "The introduction to this book was originally published for the Oxford Illustrated Dickens, published by the Oxford University Press."Plates". 800 1 $aDickens, Charles,$d1812-1870.$tWorks.$0(OLS)http://pul/nameTitle/784$0(OLS)http://pul/name/56535$0(OLS)http://pul/title/117607 850 $aPUL 852 $aPUL$W1$xDP1 Fondo Fallaci$y66$mB IV 4.2.1$j128163$qFondi$B126973$CPULBib$Z2$F126973 $82 941 1 $a1 961 $aEx libris Oriana Fallaci 996 $6245$aThe adventures of Oliver Twist$9(OLS)http://pul/title/140739 996 $6260$aLondon :$bHeron Books$9(OLS)http://pul/publisher/79921 996 $6260$aGeneva :$bEdito-Service$9(OLS)http://pul/publisher/79922 LEADER 01141nam a2200289 a 4500 001 000000149951 003 CaOOAMICUS 005 20151008123203.0 008 160302s1975 it u000 u ita r 032 $aLibriCat 040 $aPUL$bita 100 1 $aBenedetti, Angelo.$0(OLS)http://pul/name/95520 245 10$aContemplazione e poesia in Pier Damiano /$cAngelo Benedetti. 260 $aBrescia :$bPaideia,$c1975. 300 $a154 p. ;$c22 cm. 490 1 $aAntichitą classica e cristiana ;$v13 600 04$aPetrus Damianus,$cs.,$d1007-1072.$0(OLS)http://pul/subject/3146 830 0$aAntichitą classica e cristiana ;$v13.$0(OLS)http://pul/title/173 850 $aPUL 852 $aPUL$W1$xDP1 Religione 1$y20$m642 Z 143$j172555$qStampati$B174381$CPULBib$Z2$F174381 $81 941 1 $a8 960 $aPier Damiani,$cs.,$d1007-1072$93146 960 $aPietro Damiani,$cs.,$d1007-1072$93146 960 $aDamiani, Pietro,$cs.,$d1007-1072$93146 996 $6245$aContemplazione e poesia in Pier Damiano$9(OLS)http://pul/title/189007 996 $6260$aBrescia :$bPaideia$9(OLS)http://pul/publisher/47884